Kadra reprezentacji Włoch - MŚ 2006 - Statystyki

Ogólne statystyki
  • Ten quiz został rozwiązany 37 razy
  • Średni wynik to 13 z 24
Statystyki odpowiedzi
Nr Zawodnik Poz % Poprawnych
1 Gianluigi Buffon BR
100%
10 Francesco Totti NA
91%
7 Alessandro Del Piero NA
88%
21 Andrea Pirlo PO
85%
5 Fabio Cannavaro OB
82%
23 Marco Materazzi OB
82%
8 Gennaro Gattuso PO
79%
9 Luca Toni NA
79%
3 Fabio Grosso OB
76%
13 Alessandro Nesta OB
74%
19 Gianluca Zambrotta OB
68%
4 Daniele De Rossi PO
62%
18 Filippo Inzaghi NA
59%
# Marcello Lippi Trener
56%
6 Andrea Barzagli OB
41%
16 Mauro Camoranesi PO
41%
15 Vincenzo Iaquinta NA
38%
11 Alberto Gilardino NA
35%
14 Marco Amelia BR
26%
20 Simone Perrotta PO
21%
12 Angelo Peruzzi BR
12%
2 Cristian Zaccardo OB
12%
22 Massimo Oddo OB
9%
17 Simone Barone PO
6%
Nie znaleziono quizów pasujących do podanych kryteriów
Rozkład punktacji
Procent ludzi z każdym wynikiem
Percentyl według liczby udzielonych odpowiedzi
Twoja historia wyników
Nie rozwiązałeś tego quizu